Statistiques concernant Arrondissements français par frontières en 200 secondes

Cliquez ici pour prendre le quiz!

Statistiques générales

  • Ce quiz a été pris 361 fois
  • Le résultat moyen est 243 sur 333

Réponses sur la Carte

Les réponses sont colorées sur une échelle allant du rouge au vert en fonction du pourcentage des utilisateurs qui les ont devinées à leur premier essai. Vous pouvez retrouver ces pourcentages ci-dessous.
 

Statistiques - réponses

Arrondissements% Correct
Antony
98%
Bobigny
98%
Boulogne-Billancourt
98%
Brignoles
98%
Nanterre
98%
Paris
98%
Saint-Denis
98%
L'Haÿ-les-Roses
97%
Marseille
97%
Nogent-sur-Marne
97%
La Tour-du-Pin
96%
Nancy
96%
Cholet
95%
Épinal
95%
Langon
95%
Libourne
95%
Lille
95%
Pontivy
95%
Toulon
95%
Val de Briey
95%
Vannes
95%
Aix-en-Provence
94%
Arcachon
94%
Béthune
94%
Bordeaux
94%
Bourg-en-Bresse
94%
Dunkerque
94%
Lyon
94%
Rennes
94%
Saint-Brieuc
94%
Toul
94%
Villefranche-sur-Saône
94%
Barcelonnette
93%
Blaye
93%
Châteaulin
93%
Dinan
93%
Douai
93%
La Roche-sur-Yon
93%
Lens
93%
Lesparre-Médoc
93%
Nantes
93%
Neufchâteau
93%
Beauvais
92%
Castellane
92%
Castres
92%
Commercy
92%
Dieppe
92%
Grenoble
92%
Istres
92%
Les Sables-d'Olonne
92%
Nîmes
92%
Vienne
92%
Châteaubriant
91%
Fougères
91%
Grasse
91%
Montbrison
91%
Toulouse
91%
Chambéry
90%
Clermont
90%
Condom
90%
Montdidier
90%
Nice
90%
Redon
90%
Saint-Étienne
90%
Sélestat
90%
Albi
89%
Brest
89%
Castelsarrasin
89%
Die
89%
Haguenau
89%
Montauban
89%
Morlaix
89%
Roanne
89%
Saint-Malo
89%
Saverne
89%
Strasbourg
89%
Vesoul
89%
Carcassonne
88%
Dole
88%
Molsheim
88%
Montargis
88%
Muret
88%
Saint-Nazaire
88%
Vire Normandie
88%
Auch
87%
Montbard
87%
Orléans
87%
Pamiers
87%
Argentan
86%
Bayeux
86%
Chartres
86%
Châteaudun
86%
Dijon
86%
La Flèche
86%
Langres
86%
Le Vigan
86%
Niort
86%
Nontron
86%
Bernay
85%
Béziers
85%
Dax
85%
Montpellier
85%
Romorantin-Lanthenay
85%
Saint-Jean-de-Maurienne
85%
Saint-Omer
85%
Arras
84%
Compiègne
84%
Le Havre
84%
Narbonne
84%
Oloron-Sainte-Marie
84%
Rouen
84%
Senlis
84%
Tulle
84%
Valence
84%
Blois
83%
Caen
83%
Châlons-en-Champagne
83%
Gap
83%
Loches
83%
Mirande
83%
Mont-de-Marsan
83%
Perpignan
83%
Prades
83%
Riom
83%
Vierzon
83%
Aubusson
82%
Épernay
82%
Lisieux
82%
Amiens
81%
Corte
81%
Limoges
81%
Pau
81%
Vouziers
81%
Abbeville
80%
Arles
80%
Beaune
80%
Brive-la-Gaillarde
80%
Calvi
80%
Carpentras
80%
Issoire
80%
Laon
80%
Les Andelys
80%
Lodève
80%
Péronne
80%
Thiers
80%
Ajaccio
79%
Céret
79%
Château-Gontier-sur-Mayenne
79%
Pithiviers
79%
Saint-Julien-en-Genevois
79%
Sarrebourg
79%
Argelès-Gazost
78%
Chinon
78%
Guéret
78%
Metz
78%
Sartène
78%
Tarbes
78%
Albertville
77%
Ambert
77%
Annecy
77%
Briançon
77%
Clermont-Ferrand
77%
Fontenay-le-Comte
77%
Mamers
77%
Montmorillon
77%
Parthenay
77%
Poitiers
77%
Reims
77%
Rethel
77%
Tours
77%
Calais
76%
Soissons
76%
Tournon-sur-Rhône
76%
Troyes
76%
Lorient
75%
Privas
75%
Avignon
74%
Bellac
74%
Quimper
74%
Thann
74%
Château-Thierry
73%
Forbach
73%
Saint-Amand-Montrond
73%
Angers
72%
Bonneville
72%
Saumur
72%
Sens
72%
Auxerre
71%
Lunéville
71%
Rochefort
71%
Saint-Jean-d'Angély
71%
Saint-Lô
71%
Thionville
71%
Draguignan
70%
Villefranche-de-Rouergue
70%
Avranches
69%
Bastia
69%
Boulogne-sur-Mer
69%
Châtellerault
69%
Colmar
69%
Coutances
69%
Louhans
69%
Millau
69%
Mulhouse
69%
Avallon
68%
Bressuire
68%
Cherbourg-en-Cotentin
68%
Cosne-Cours-sur-Loire
68%
Largentière
68%
Lure
68%
Rochechouart
68%
Rodez
68%
Saint-Flour
68%
Segré-en-Anjou Bleu
68%
Apt
67%
Jonzac
67%
La Rochelle
67%
Nevers
67%
Torcy
67%
Confolens
66%
Évry-Courcouronnes
66%
Le Mans
66%
Aurillac
65%
Le Raincy
65%
Lons-le-Saunier
65%
Mâcon
65%
Mende
65%
Rambouillet
65%
Belley
64%
Besançon
64%
Florac Trois Rivières
64%
Nantua
64%
Périgueux
64%
Pontarlier
64%
Sarcelles
64%
Alès
62%
Angoulême
62%
Bourges
62%
Cambrai
62%
Chaumont
62%
Fontainebleau
62%
Moulins
62%
Saint-Dié-des-Vosges
62%
Vervins
62%
Altkirch
61%
Charleville-Mézières
61%
Dreux
61%
Limoux
61%
Vitry-le-François
61%
Nyons
60%
Saint-Gaudens
60%
Sedan
60%
Argenteuil
59%
Bar-sur-Aube
59%
Bayonne
59%
Château-Chinon
59%
Clamecy
59%
Cognac
59%
Figeac
59%
Melun
59%
Provins
58%
Issoudun
57%
Mayenne
57%
Nogent-sur-Seine
57%
Palaiseau
57%
Saint-Germain-en-Laye
57%
Étampes
56%
Montreuil-sur-Mer
56%
Nérac
56%
Versailles
56%
Villeneuve-sur-Lot
56%
Mortagne-au-Perche
54%
Sarlat-la-Canéda
54%
Châteauroux
53%
Forcalquier
53%
Guingamp
53%
La Châtre
53%
Marmande
53%
Montbéliard
53%
Saint-Benoît
53%
Saint-Paul
53%
Verdun
53%
Alençon
52%
Belfort
52%
Nogent-le-Rotrou
52%
Saint-Quentin
52%
Digne-les-Bains
51%
Laval
51%
Charolles
50%
Le Blanc
50%
Saint-Denis
50%
Brioude
49%
Foix
49%
Le Puy-en-Velay
49%
Montluçon
49%
Saint-Girons
49%
Vendôme
49%
Yssingeaux
49%
Agen
48%
Bagnères-de-Bigorre
48%
Cayenne
48%
Vichy
48%
Créteil
47%
Fort-de-France
47%
Le Marin
47%
Mauriac
47%
Pontoise
47%
Saint-Georges
47%
Saint-Laurent-du-Maroni
47%
Saint-Pierre
47%
Autun
46%
Chalon-sur-Saône
46%
Bar-le-Duc
44%
Valenciennes
44%
Avesnes-sur-Helpe
43%
Cahors
42%
Évreux
41%
Gourdon
41%
La Trinité
41%
Mantes-la-Jolie
41%
Bergerac
39%
Saint-Claude
39%
Basse-Terre
38%
Meaux
38%
Pointe-à-Pitre
38%
Ussel
38%
Saintes
37%
Lannion
36%
Saint-Dizier
35%
Thonon-les-Bains
30%
Saint-Pierre
29%
Sarreguemines
29%
Gex
28%

Distribution des résultats

Percentile par nombre de réponses

% des personnes avec chaque résultat

Votre développement - résultats

Vous n’avez pas pris ce quiz